000 00634cam a22002293a 4500
001 18219
003 PGUSA
005 20140828083404.0
008 060421s2006||||xxu|||||s|||||000 1 eng d
040 _aPGUSA
_beng
042 _adc
050 4 _aPS
100 1 _aBailey, Temple,
_d-1953
245 1 4 _aThe Trumpeter Swan
_h[electronic resource] /
_cTemple Bailey
260 _bProject Gutenberg,
_c2006
506 _aPublic domain in the USA.
516 _aElectronic text
653 _aMan-woman relationships -- Fiction
830 0 _aProject Gutenberg
_v18219
856 4 0 _uhttp://www.gutenberg.org/ebooks/18219
942 _cEB
999 _c247474
_d247474